01753nam a22002417a 450000500170000000800410001702000180005804000070007604100120008308200230009510000290011824500500014726000400019730000320023736500530026952008840032265000270120670000310123370000300126494200120129499900190130695201860132520231218150803.0231218b ||||| |||| 00| 0 eng d a9780670098798 cAL aEnglish 223a338.0924bKALG aT S Kalyanaraman9146287 aGolden Touch: The Journey of Kalyan Jewellers aHaryanabPenguin Random Housec2023 axiv,158 p.bHBc24x15.5 cm. a6763b₹559.00c₹d₹699.00e20%f14-12-2023 aThe Golden Touch lays out the extraordinary story of Kalyan Jewellers and the life of its founder, T.S. Kalyanaraman. It is the very personal account of a visionary with humble beginnings from Thrissur who set up one of the largest jewellery stores in the country―a Rs 17,000 crore behemoth employing over 8000 people. This captivating autobiography offers an intimate glimpse into the transformative moments that shaped the life of a remarkable individual who dared to dream big and turn those dreams into reality. Through the pages of this compelling autobiography, you’ll follow the author’s evolution from a curious and ambitious young mind to a seasoned business leader who has left an indelible mark on the world of entrepreneurship. The Golden Touch provides a novel perspective on building a business empire and inspiring generations of entrepreneurs and dreamers. a Autobiography9146288 aKALYANARAMAN (T S)9146289 aTHOMAS (Anoop) Tr9146290 2ddccBK c229519d229519 00102ddc40708GENaALbALd2023-12-18eBiblios Book Point Surathkal Mangalore 575014g559.00l1m1o338.0924 KALGp077009r2024-03-12 00:00:00s2024-02-21v699.00w2023-12-18yBK